000 01830cam a2200421 i 4500
001 13741912
003 EG-ScBUE
005 20230522110006.0
008 041006t2005 gw a f b 101 0 eng d
020 _a3540232214 (pbk.)
020 _a9783540232216
035 _a(OCoLC)ocm57333304
040 _aOHX
_beng
_erda
_cOHX
_dZCU
_dDLC
_dEG-ScBUE
082 0 4 _222
_a519.5
_bINN
110 2 _aGesellschaft für Klassifikation.
_bJahrestagung
_n(27th :
_d2003 :
_cBrandenburgische Technische Universität Cottbus)
245 0 0 _aInnovations in classification, data science, and information systems :
_bproceedings of the 27th annual conference of the Gesellschaft für Klassifikation e.V., Brandenburg University of Technology, Cottbus, March 12-14, 2003 /
_cDaniel Baier, Klaus-Dieter Wernecke, editors.
264 1 _aBerlin :
_bSpringer-Verlag,
_c[2005]
264 4 _cc2005
300 _axii, 616 pages :
_billustrations ;
_c24 cm
336 _2rdacontent
_atext
_btxt
337 _2rdamedia
_aunmediated
_bn
338 _2rdacarrier
_avolume
_bnc
504 _aIncludes bibliographical references and index.
650 7 _aStatistics
_vCongresses.
_2BUEsh
650 7 _aClassification
_vCongresses.
_2BUEsh
650 7 _aInformation storage and retrieval systems
_vCongresses.
_2BUEsh
650 7 _aData mining
_vCongresses.
_2BUEsh
653 _bGGEN
655 _vReading book
700 1 _aBaier, Daniel,
_d1962-
_eeditor.
700 1 _aWernecke, Klaus-Dieter,
_eeditor.
856 4 1 _3Table of contents
_uhttp://www.loc.gov/catdir/toc/fy055/2004114682.html
856 4 2 _3Publisher description
_uhttp://www.loc.gov/catdir/enhancements/fy0823/2004114682-d.html
906 _a7
_bcbc
_cpccadap
_d2
_eepcn
_f20
_gy-gencatlg
942 _2ddc
_cBB
999 _c30436
_d30407